Sporting CP 2020's Starting XI - Statistics

General Stats
  • This quiz has been taken 1,282 times
    420 since last reset
  • The average score is 20 of 41
Answer Stats
Player % Correct
Viktor Gyökeres
95%
Sebastián Coates
80%
Rui Silva
77%
Antonio Adán
75%
Francisco Trincão
75%
Morten Hjulmand
75%
Gonçalo Inácio
73%
Pedro Gonçalves
73%
Ousmane Diomande
72%
Hidemasa Morita
62%
Marcus Edwards
62%
Manuel Ugarte
58%
Pedro Porro
56%
Zeno Debast
55%
Geny Catamo
53%
Bruno Fernandes
52%
Eduardo Quaresma
49%
Geovany Quenda
49%
Maximiliano Araújo
49%
Nuno Mendes
46%
Pablo Sarabia
45%
Nuno Santos
43%
Paulinho
41%
Andraž Šporar
40%
Matheus Nunes
40%
Matheus Reis
40%
Matheus Reis
40%
Stefan Ristovski
40%
Marcos Acuña
39%
João Mário
38%
Zouhair Feddal
38%
Jérémy Mathieu
37%
João Palhinha
36%
Luís Neto
32%
Gonzalo Plata
30%
Wendel
30%
Idrissa Doumbia
29%
Ricardo Esgaio
28%
Luciano Vietto
27%
Luís Maximiano
27%
Tiago Tomás
26%
No matching quizzes found
Score Distribution
Percent of People with Each Score
Percentile by Number Answered
Your Score History
You have not taken this quiz since the last reset